Ekonomická analýza systému odvětví kultury Dílčí výstup. SPZV IX-8-2/05. Úloha ekonomiky v oblasti kultury

Enregistré dans:
Détails bibliographiques
Format: Livre
Langue:tchèque
Publié: Praha Ústav pro výzkum kultury 1989
Tags: Ajouter un tag
Pas de tags, Soyez le premier à ajouter un tag!

MARC

LEADER 00000nam a2200000 4500
001 c034987
005 20251111085439.3
041 0 |a cze 
044 |a CZ 
245 1 0 |a Ekonomická analýza systému odvětví kultury  |b Dílčí výstup. SPZV IX-8-2/05. Úloha ekonomiky v oblasti kultury 
264 1 |a Praha  |b Ústav pro výzkum kultury  |c 1989 
300 |a 144 s.